000 01017nam a2200373 a 4500
001 vtls000013494
003 NLI
005 20210601181530.0
008 101125s1969 enka 001 0 eng
020 _a584101813 (SBN)
_c$ 45.00
039 9 _y201011250106
_zVLOAD
040 0 _aNLI
_beng
_cVERGIS-2003
041 0 _aeng
044 _aenk
082 0 4 _a627.73
100 1 _aHammond, Rolt
_d1904-
_944662
245 1 0 _aModern dredging practice/
_cRolt Hammond
260 _aLondon:
_bFrederick Muller,
_cc1969
300 _a274 p.:
_bill.;
_c22 cm.
500 _aIncludes index
650 0 _aDredging
_951693
650 0 _aHydraulic engineering
_9603
650 0 _aDredging
_xResearch
_951694
650 0 _aExcavation
887 _aNedunchezhian
901 _a395560
_b16/03/1970
902 _aE 627.73 H 184
903 _a02/03/2004
904 _aNedunchezhian
906 _a012407
949 _AVIRTUAITEM
_D10000
_F1
_X100
_6PUR000395560ENG
_aE 627.73 H184
942 _2ddc
_cBKS
999 _c19023
_d19023